<The> Quantification of Income Inequality in Society in the Case of the Countries of the European Union

Snahy vlád o zmiernenie príjmovej nerovnosti prostredníctvom transferových platieb. Analýza, či existujú vzájomné väzby medzi vybranými ukazovateľmi príjmovej nerovnosti a ako sa menia po zahrnutí transferových platieb. Použitie ukazovateľov: Gini index pred a po prevodnej platbe a koeficient S80 /...

Ausführliche Beschreibung

Gespeichert in:
Bibliographische Detailangaben
1. Verfasser: Skaličková, Jolana
Format: Buchkapitel
Sprache:Englisch
Schlagworte:
Tags: Tag hinzufügen
Keine Tags, Fügen Sie das erste Tag hinzu!

MARC

LEADER 00000naa a2200000 4500
001 0253139
005 20241023132846.4
041 0 |a eng 
044 |a CZ 
245 1 0 |a <The> Quantification of Income Inequality in Society in the Case of the Countries of the European Union  |c Jolana Skaličková 
520 |a Snahy vlád o zmiernenie príjmovej nerovnosti prostredníctvom transferových platieb. Analýza, či existujú vzájomné väzby medzi vybranými ukazovateľmi príjmovej nerovnosti a ako sa menia po zahrnutí transferových platieb. Použitie ukazovateľov: Gini index pred a po prevodnej platbe a koeficient S80 / S20. Použitie korelačnej analýzy. 
610 2 0 |a Európska únia 
610 2 0 |a spoločnosť 
610 2 0 |a nerovnosť príjmová 
610 2 0 |a analýza korelačná 
610 2 0 |a kvantifikácia 
610 2 0 |a vláda 
100 1 |a Skaličková, Jolana